000 00646nam a2200193 a 4500
001 000017924
005 20200929165301.0
008 100407s1976 dr 000 0 spa d
040 _aDO-SdBNP
_bspa
_cBNPHU
082 _a972.9375
_bA116c
100 1 _aAbad Alfau, Antonio
_938891
245 1 4 _aLas calles de Santo Domingo /
_cAntonio Abad Alfau.
260 _aSanto Domingo :
_bCultural Dominicana,
_c1976.
300 _a172 p. ;
_c23 cm.
650 4 _aCalles
_zSanto Domingo, República Dominicana
_938892
651 4 _aRepública Dominicana, Santo Domingo
_xHistoria Local
_938893
910 _aValidado. Control de calidad MFF
049 _aBNPD
999 _c17448
_d17448